Dieux de… quoi ? - Statistiques

Statistiques générales
  • Ce quiz a été pris 228 fois
  • Le résultat moyen est 25 sur 100
Statistiques - réponses
Hint Réponse % Correct
Poséidon | Thalassa Mer
96%
Arès | Enyo Guerre
87%
Aphrodite Amour
83%
Dionysos Vin
82%
Gaïa Terre
76%
Zeus Foudre
75%
Hadès Enfers
67%
Artémis Chasse
65%
Hélios Soleil
65%
Thanatos Mort
64%
Hypnos Sommeil
60%
Océanos Océan
59%
Hermès | Triton Messager
58%
Ouranos Ciel
57%
Athéna Sagesse
56%
Hestia Foyer
54%
Chronos Temps
53%
Héphaïstos Feu
49%
Hymen | Héra Mariage
49%
Séléné Lune
47%
Nyx Nuit
47%
Éole Vents
46%
Niké Victoire
39%
Morphée Rêves
38%
Asclépios Médecine
35%
Perséphone Printemps
34%
Némésis Vengeance
31%
Phobos Peur
29%
Déméter Moissons
28%
Apollon Arts
26%
Hécate Magie
25%
Borée Vent du Nord
25%
Notos Vent du Sud
24%
Bia Force
23%
Euros Vent de l’Est
21%
Zéphyr Vent de l’Ouest
21%
Moires Destin
20%
Éris Discorde
20%
Dicé | Thémis Justice
20%
Hypérion | Théia Lumière
19%
Iris Arc-en-ciel
18%
Mnémosyne Mémoire
18%
Éther Air
15%
Éros Désir
15%
Déimos Terreur
14%
Érèbe Ténèbres
13%
Éos Aurore
12%
Tyché Chance
12%
Hébé Jeunesse
12%
Héméra Jour
12%
Chioné Neige
11%
Léthé Oubli
11%
Eiréné Paix
11%
Cymopolée Tempêtes
10%
Hygie Hygiène
9%
Ilithye Accouchement
8%
Pan Bergers
8%
Elpis Espoir
8%
Kratos Pouvoir
8%
Ploûtos Richesse
8%
Harmonie Concorde
7%
Chloris Fleurs
7%
Mania Folie
7%
Héraclès Sport
7%
Chaos Vide
7%
Psyché Âme
6%
Ouréa Montagnes
4%
Moros Mort brutale
4%
Astréos Astres
3%
Dysnomie Désordre
3%
Pontos Flots
3%
Achlys | Oizys Malheur
3%
Phoebé Prophétie
3%
Géras Vieillesse
3%
Zélos Zèle
3%
Éosphoros Étoile du Matin
2%
Hespéros Étoile du Soir
2%
Limos Famine
2%
Nèsoi Îles
2%
Priape Jardins
2%
Macaria Mort Heureuse
2%
Eunomie Ordre
2%
Tartare Abîme
1%
Aristée Apiculture
1%
Aura Brise
1%
Téthys Cours d’eau
1%
Céto Créatures marines
1%
Até Faute
1%
Coéos Intellect
1%
Japet Mortalité
1%
Ananké Nécéssité
1%
Pandia Pleine lune
1%
Hersé Rosée
1%
Aucun quiz correspondant
Distribution des résultats
% des personnes avec chaque résultat
Percentile par nombre de réponses
Votre historique - résultats
Vous n’avez pas pris ce quiz